Colección de documentos inéditos para la historia de Chile (Record no. 153172)

MARC details
000 -LEADER
campo de control de longitud fija 00845nam a2200193 i 4500
001 - NÚMERO DE CONTROL
campo de control 153172
003 - IDENTIFICADOR DE NÚMERO DE CONTROL
campo de control ES-MaACL
005 - FECHA Y HORA DE LA ÚLTIMA TRANSACCIÓN
campo de control 20230906205044.0
008 - DATOS DE LONGITUD FIJA--INFORMACIÓN GENERAL
campo de control de longitud fija 971216m18881902cl |||| | spa d
245 00 - MENCIÓN DEL TÍTULO
Título Colección de documentos inéditos para la historia de Chile
Resto del título : desde el viaje de Magallanes hasta la batalla de Maipo, 1518-1818 /
Mención de responsabilidad, etc. colectados y publicados por J. T. Medina.
260 ## - PUBLICACIÓN, DISTRIBUCIÓN, ETC.
Lugar de publicación, distribución, etc. Santiago de Chile :
Nombre del editor, distribuidor, etc. [s.n.],
Fecha de publicación, distribución, etc. 1888-1902 (
Fabricante Imp. Ercilla)
300 ## - DESCRIPCIÓN FÍSICA
Extensión 1 v. ;
Dimensiones 27 cm.
505 8# - NOTA DE CONTENIDO CON FORMATO
Nota de contenido con formato Contiene: V. 5
530 ## - NOTA DISPONIBLE DE FORMULARIO FÍSICO ADICIONAL
Nota de formato físico adicional disponible Disponible en formato digital la obra completa: 29 v.
651 #4 - PUNTO DE ACCESO ADICIONAL DE MATERIA--NOMBRE GEOGRÁFICO
Nombre geográfico Chile-
Subdivisión general Historia-
Subdivisión de forma Fuentes.
9 (RLIN) 156783
700 1# - ENTRADA AGREGADA--NOMBRE PERSONAL
Nombre de persona Medina, José Toribio.
9 (RLIN) 79702
852 ## - LOCALIZACIÓN
Ubicación ES-MaACL
Número de control de estantería F-11533
Nota libre - Enc. pasta española
856 ## - LOCALIZACIÓN Y ACCESO ELECTRÓNICOS
Identificador Uniforme de Recursos <a href="http://bdh-rd.bne.es/viewer.vm?id=0000167576&page=1 ">http://bdh-rd.bne.es/viewer.vm?id=0000167576&page=1 </a>
Nota pública Biblioteca Digital Hispánica (29 v.)
Holdings
Estatus retirado Estado de pérdida Estado de daño No para préstamo Colección Biblioteca de origen Biblioteca actual Ubicación en estantería Fecha de adquisición Fuente de adquisición Total de préstamos Signatura topográfica completa Código de barras Visto por última vez Precio de reemplazo Tipo de ítem Koha
        Colección digital Biblioteca del Ateneo de Madrid Biblioteca del Ateneo de Madrid Sala Pecera Planta 2 17/01/2008     F-11533 1160043 23/02/2023 23/02/2023 Libro impreso antiguo